LEADER 01479nam 2200421 450 001 000017700 005 20141215172000.0 010 $a1-85399-185-6 100 $a20040824d1998----km-y0itay0103----ba 101 0 $agrc$beng 102 $aGB 200 1 $aHerodotus, book 2$fHerodotus$gedited with introduction, commentary and vocabulary by W.G. Waddell 200 1 $a1 $n0007477 205 $a3. ed. 210 $aBristol$cBristol Classical Press$d1998 215 $aIX, 332 p.$d19 cm. 607 $aEgitto$xStoria 676 $a932.01$v(21. ed.)$9Storia dell'antico Egitto. Pimo periodo, fino al 332 a.C 700 0$aHerodotus$f<484-415 a.C.>$0162857 702 1$aWaddell,$bWilliam Gillan 801 0$aIT$bUniversità della Basilicata - B.I.A.$gRICA$2unimarc 912 $a000017700 996 $aHerodotus, book 2$984559 997 $aUNIBAS BAS $aMONLET BAS $aMONOGR BAS $aLETTERE CAT $aSTD035$b01$c20040824$lBAS01$h1158 CAT $aDILEO$b21$c20041001$lBAS01$h1247 CAT $c20050601$lBAS01$h1756 CAT $abatch$b01$c20050718$lBAS01$h1053 CAT $c20050718$lBAS01$h1112 CAT $c20050718$lBAS01$h1142 CAT $c20050718$lBAS01$h1157 CAT $aBATCH$b00$c20070503$lBAS01$h1736 CAT $aBATCH-UPD$b00$c20141215$lBAS01$h1720 FMT Z30 -1$lBAS01$LBAS01$mBOOK$1BASA1$APolo Storico-Umanistico$2GEN$BCollezione generale$3FP/100690$6100690$5L100690$820040823$f02$FPrestabile Generale